000 00354 a2200169 4500
001 175416
020 _a85-08-04543-3
040 _cMagnum
100 _aBarone, Antônio A.
240 1 0 _aAids
_lpor
245 1 0 _aAids
300 _a48
362 0 _a1997
440 1 _aÁtica
697 _aCIÊNCIAS FÍSICAS, QUÍMICAS E BIOLÓGICAS
942 _cBK
999 _c175416
_d175416